History General Knowledge - Statistics

General Stats
  • This quiz has been taken 1,035 times
  • The average score is 6 of 15
Answer Stats
Hint Answer % Correct
U.S President Wilson's first name Woodrow
87%
Birthplace of Napoleon Bonaparte Corsica
64%
Island on which James Cook was killed Hawaii
60%
Which House combined with York after the War of the Roses Lancaster
60%
City of Mozart's Birth Salzburg
46%
Couple who united Spain Ferdinand and Isabella
43%
Last Tsar of Russia Nicholas II
42%
House which ruled France 1589-1792 Bourbon
40%
Chinese Author of the 'Art of War' Sun Tzu
38%
Writer of Candide Voltaire
37%
Title given to Charlemagne in 800 AD Holy Roman Emperor
35%
First King of Israel Saul
31%
Year of Charles I's Execution 1649
24%
First Roman Emperor to succeed their Biological Parent Titus
6%
Renaissance Author of 'The Book of the Courtier' Castiglione
2%
No matching quizzes found
Score Distribution
Percent of People with Each Score
Percentile by Number Answered
Your Score History
You have not taken this quiz